00477nam a2200193 a 4500001001300000003000900013005001700022008004100039020000800080082001800088100001600106245001900122260003900141300000900180500003500189505002700224650001600251700001600267nice12345678IN_TiNIC20260116011910.0050524s1967 dela grp 000 0 urd  ac500a891.4391bWAR aWaris, Aziz aHadees Maartat aDelhibMaktaba Nida-E-Itehadc1967 a256p aincludes index and biblioraphy2 aAppendix, Bibliography aUrdu-Poetry1 aWaris, Aziz